| 000 | 00741nam a2200253 a 4500 | ||
|---|---|---|---|
| 005 | 20240815063714.0 | ||
| 008 | 991125s1990 mx 000 0 spa u | ||
| 020 | _a9683305288 | ||
| 035 | _aUPN01000025859 | ||
| 040 |
_aUPN _bspa _cUPN |
||
| 049 | _aC | ||
| 050 | 4 |
_aQ163 _aM564 no.1 1990 |
|
| 245 | 0 | 0 | _aGatos, perros, caballos. |
| 260 |
_aMéxico : _bGrolier, _c1990. |
||
| 300 |
_a215 p. : _bil. |
||
| 440 | 0 |
_aMis primeros conocimientos ; _v1 |
|
| 534 |
_pTraducción de: _aCats and kittens -- Dogs and puppies -- Horses |
||
| 650 | 4 |
_aAnimales _xHábitos y comportamiento _91059 |
|
| 650 | 4 |
_aMAMIFEROS - _vDICCIONARIOS |
|
| 650 | 4 |
_aVERTEBRADOS _919542 |
|
| 902 | _bNoemiAcosta/170123 | ||
| 905 | _aLibro | ||
| 942 |
_2lcc _cLIBRO |
||
| 999 |
_c25859 _d25859 |
||